[Event "GMA-Open"]
[Site "Belgrade"]
[Date "1988.??.??"]
[Round "?"]
[White "Bogdanovski, Vlatko"]
[Black "Georgiev, Krum"]
[Result "0-1"]
[WhiteElo "2430"]
[BlackElo "2505"]

1.d4 Nf6 2.c4 g6 3.Nc3 Bg7 4.e4 d6 5.Be2 O-O 6.Nf3 e5 7.O-O Nc6 8.d5 Ne7
9.Nd2 c5 10.Rb1 Ne8 11.b4 b6 12.bxc5 dxc5 13.a4 a5 14.Qb3 Rb8 15.f4 exf4
16.Nf3 Bh6 17.Nb5 g5 18.Bb2 Ng6 19.Ne5 Nxe5 20.Bxe5 Rb7 21.Bc3 f6 22.Qd1 Bg7
23.Re1 Nd6 24.Nxd6 Qxd6 25.Bg4 Bxg4 26.Qxg4 f5 27.Qf3 g4 28.Qd3 fxe4 29.Rxe4 Qg6
30.Bxg7 Rxg7 31.Rd1 f3 32.d6 g3 33.h3 fxg2 34.Qd5+ Kh8 35.Qe5 Qf7  0-1

[Event "GMA-Open"]
[Site "Belgrade"]
[Date "1988.??.??"]
[Round "?"]
[White "Chernin, Alexander"]
[Black "Gunawan, Ronny"]
[Result "1-0"]
[WhiteElo "2565"]
[BlackElo "2440"]

1.d4 Nf6 2.c4 g6 3.Nc3 Bg7 4.e4 d6 5.Nf3 O-O 6.Be2 e5 7.O-O Nc6 8.d5 Ne7
9.Nd2 c5 10.Rb1 Ne8 11.b4 b6 12.bxc5 bxc5 13.Nb3 f5 14.Bg5 Rf7 15.exf5 Bxf5
16.Bd3 h6 17.Bxe7 Rxe7 18.Qc2 Rf7 19.Ne4 Nf6 20.Ng3 Bxd3 21.Qxd3 Kh7 22.Nd2 Rb8
23.Rb3 Rfb7 24.Ra3 a5 25.Nde4 Nxe4 26.Nxe4 Rb4 27.g3 a4 28.h4 Kh8 29.Kg2 Qf8
30.Re1 R8b7 31.Re3 Rd7 32.Rf3 Qe8 33.Qc2 Rd8 34.h5 g5 35.Nf6 Bxf6 36.Rxf6 Qxh5
37.Qf5 Kg7  1-0

[Event "GMA-Open"]
[Site "Belgrade"]
[Date "1988.??.??"]
[Round "?"]
[White "Makarov, Marat"]
[Black "Georgiev, Krum"]
[Result "1/2-1/2"]
[WhiteElo "2370"]
[BlackElo "2505"]

1.d4 Nf6 2.c4 g6 3.Nc3 Bg7 4.e4 d6 5.Nf3 O-O 6.Be2 e5 7.O-O Nc6 8.d5 Ne7
9.b4 Nh5 10.g3 f5 11.Ng5 Nf6 12.f3 c6 13.b5 cxd5 14.cxd5 h6 15.Ne6 Bxe6 16.dxe6 Re8
17.Bb2 Qb6+ 18.Kh1 a6 19.a4 axb5 20.axb5 h5 21.Qd3 Bh6 22.Rad1 Red8 23.f4 Bg7  1/2-1/2

[Event "GMA-Open"]
[Site "Belgrade"]
[Date "1988.??.??"]
[Round "?"]
[White "Morovic Fernandez, Ivan"]
[Black "Sekulic, Dusan"]
[Result "1/2-1/2"]
[WhiteElo "2545"]
[BlackElo "2305"]

1.c4 g6 2.Nf3 Bg7 3.d4 Nf6 4.Nc3 O-O 5.e4 d6 6.Be2 e5 7.O-O Nc6 8.Be3 Ng4
9.Bg5 f6 10.Bc1 Nh6 11.d5 Ne7 12.Ne1 g5 13.Be3 Ng6 14.c5 f5 15.f3 f4 16.Bf2 Rf7
17.cxd6 cxd6 18.Rc1 Bf8 19.h3 Kh8 20.Qb3 Ng8 21.Nb5 b6 22.Nd3 h5 23.Nb4 g4
24.fxg4 hxg4 25.Rxc8 Qxc8 26.Bxg4 Qd8 27.Na6 Nh6 28.Be6 Rg7 29.Kh1 Ng8 30.Qf3 Qg5
31.Nac7 Nf6 32.Nxa8 Nh4 33.Bxh4 Qxh4 34.Bf5 Nh5 35.Bg4 Ng3+ 36.Kg1 Nxf1 37.Kxf1 Qd8
38.Bf5 Qh4 39.Bg4 Qd8 40.Bf5 Qh4 41.Qf2 Rg3 42.Bg4 Rxg4 43.hxg4 Qh1+ 44.Ke2 Qb1
45.Nac7 Be7 46.Qe1 Qxe4+ 47.Kf1 Qh7 48.Ke2 Bh4 49.Qd2  1/2-1/2

[Event "GMA-Open"]
[Site "Belgrade"]
[Date "1988.??.??"]
[Round "?"]
[White "Makarov, Marat"]
[Black "Cvitan, Ognjen"]
[Result "0-1"]
[WhiteElo "2370"]
[BlackElo "2500"]

1.d4 Nf6 2.c4 g6 3.Nc3 Bg7 4.e4 d6 5.Nf3 O-O 6.Be2 e5 7.O-O Nc6 8.d5 Ne7
9.b4 Nh5 10.g3 f5 11.Ng5 Nf6 12.f3 c6 13.b5 h6 14.Ne6 Bxe6 15.dxe6 Ne8 16.Ba3 c5
17.Qd3 Qc8 18.Nd5 Qxe6 19.exf5 gxf5 20.Nxe7+ Qxe7 21.Rad1 a6 22.b6 Rc8 23.g4 Rc6
24.gxf5 Qg5+ 25.Kh1 Qxf5 26.Qd5+ Qf7 27.f4 Qxd5+ 28.cxd5 Rxb6 29.fxe5 Rxf1+
30.Rxf1 Bxe5 31.Rg1+ Kf8 32.Rf1+ Ke7 33.Kg2 Nc7 34.Bc4 Nb5 35.Bc1 Nc3 36.Bxh6 Rb2+
37.Kf3 b5 38.Bd3 c4 39.Bg5+ Bf6 40.Re1+ Kf7 41.Bxf6 Kxf6 42.Re6+ Kg7 43.Bf5 Nxd5
44.Rxd6 Ne7 45.Be4 Rxa2 46.h4 c3 47.h5 c2 48.h6+ Kf7 49.Bxc2 Rxc2 50.Rxa6 Nc6
51.Rb6 Kg6 52.Ke3 Rc5  0-1

[Event "GMA-Open"]
[Site "Belgrade"]
[Date "1988.??.??"]
[Round "?"]
[White "Lputian, Smbat G"]
[Black "Zapata, Alonso"]
[Result "1-0"]
[WhiteElo "2540"]
[BlackElo "2480"]

1.d4 Nf6 2.c4 g6 3.Nc3 Bg7 4.e4 d6 5.Nf3 O-O 6.Be2 e5 7.O-O Nc6 8.d5 Ne7
9.Nd2 a5 10.a3 Nd7 11.Rb1 f5 12.b4 axb4 13.axb4 Bh6 14.exf5 gxf5 15.c5 dxc5
16.bxc5 Nxc5 17.Nc4 Bxc1 18.Qxc1 Ng6 19.Rd1 Ne4 20.Nxe4 fxe4 21.Qe3 Nf4 22.Bf1 Qg5
23.Qg3 Qxg3 24.hxg3 Ng6 25.d6 Bg4 26.Re1 cxd6 27.Nxd6 Be6 28.Rxb7 e3 29.f3 Ra3
30.Rbb1 Rfa8 31.Bc4 Nf8 32.Kh2 Bxc4 33.Nxc4 Rc3 34.Nxe3 Ra2 35.Rb8 Kf7 36.Rb7+ Ke6
37.Kh3 Nd7 38.Nd5 Rcc2 39.Nb4 Re2 40.Rxe2 Rxe2 41.Nd5 Re1 42.Nc7+ Kd6 43.Nd5 Ke6
44.g4 Rh1+ 45.Kg3 h5 46.Nc7+ Kf7 47.gxh5 Nc5 48.Rb5 Nd7 49.Nd5 Ke6 50.Kg4 Rd1
51.h6 Rxd5 52.Rxd5 Kxd5 53.Kf5 Nf8 54.g4 Kd4 55.g5 Ke3 56.h7  1-0

[Event "GMA-Open"]
[Site "Belgrade"]
[Date "1988.??.??"]
[Round "?"]
[White "Lputian, Smbat G"]
[Black "Timoshchenko, Gennadi A"]
[Result "1/2-1/2"]
[WhiteElo "2540"]
[BlackElo "2455"]

1.d4 Nf6 2.c4 g6 3.Nc3 Bg7 4.e4 d6 5.Nf3 O-O 6.Be2 e5 7.O-O Nc6 8.d5 Ne7
9.Nd2 a5 10.a3 Nd7 11.Rb1 f5 12.b4 Kh8 13.f3 f4 14.c5 axb4 15.axb4 Nf6 16.Nc4 Ne8
17.Ba3 g5 18.b5 b6 19.cxb6 cxb6 20.Na4 Rb8 21.Bb4 h5 22.Naxb6 Rg8 23.Kh1 Bf8
24.Ba5 g4 25.Na4 Qd7 26.Bc3 gxf3 27.Bxf3 Ng6 28.Bxh5 Qh7 29.Nab6 Nf6 30.Bf3 Nh4
31.Nxc8 Rxc8 32.Rb4 Nxg2 33.b6 Nh4 34.Be1 Nxf3 35.Qxf3 Nxe4 36.b7 Rb8 37.Na5 Ng3+
38.Bxg3 Rxg3 39.Qf2 Ra3 40.Nc4 Rd3 41.Na5 Rxd5 42.Nc6 Rxb7 43.Rxb7 Qxb7 44.Qh4+ Qh7
45.Qf6+ Qg7 46.Qe6 Qg8 47.Qf6+ Qg7 48.Qe6 Qg8  1/2-1/2

[Event "GMA-Open"]
[Site "Belgrade"]
[Date "1988.??.??"]
[Round "?"]
[White "Trifunovic, Miroljub"]
[Black "Riemersma, Liafbern"]
[Result "0-1"]
[WhiteElo "2300"]
[BlackElo "2380"]

1.d4 Nf6 2.Nf3 g6 3.c4 Bg7 4.Nc3 O-O 5.e4 d6 6.Be2 e5 7.O-O Nc6 8.Be3 Ng4
9.Bg5 f6 10.Bh4 g5 11.Bg3 Nh6 12.dxe5 fxe5 13.h3 g4 14.hxg4 Bxg4 15.Qb3 Bxf3
16.Bxf3 Nd4 17.Qxb7 Rb8 18.Qxa7 Ra8 19.Qb7 c6 20.c5 dxc5 21.Bd1 Kh8 22.Na4 Rxa4
23.Bxa4 Ne2+ 24.Kh1 Qg5 25.Bh2 Ng4 26.Qb3 Nxh2 27.Kxh2 Rf6 28.g3 Qh5+ 29.Kg2 Nf4+
30.gxf4 Rg6+ 31.Qg3 exf4 32.Bd1 Qh6  0-1

[Event "GMA-Open"]
[Site "Belgrade"]
[Date "1988.??.??"]
[Round "?"]
[White "Vasiljevic, Dragan"]
[Black "Gunawan, Ronny"]
[Result "0-1"]
[WhiteElo "2325"]
[BlackElo "2440"]

1.d4 Nf6 2.c4 g6 3.Nc3 Bg7 4.e4 d6 5.Nf3 O-O 6.Be2 e5 7.O-O Nc6 8.d5 Ne7
9.Ne1 Nd7 10.Nd3 f5 11.Bd2 Nf6 12.f3 f4 13.g4 h5 14.h3 hxg4 15.hxg4 Nh7 16.Rf2 Bf6
17.Rh2 Kg7 18.Kg2 Ng5 19.Qb3 Rh8 20.Rah1 Rxh2+ 21.Rxh2 c6 22.Be1 cxd5 23.cxd5 Ng8
24.Bf2 Nh6 25.Qc4 a6 26.Qb4 b5 27.a4 Rb8 28.axb5 axb5 29.Qa3 Qd7 30.Kh1 b4
31.Nxb4 Qb7 32.Nc6 Qxb2 33.Qxd6 Rb7 34.Bc5 Rf7 35.Nd1 Qa1 36.Qb8  0-1

[Event "GMA-Open"]
[Site "Belgrade"]
[Date "1988.??.??"]
[Round "?"]
[White "Vasiljevic, Dragan"]
[Black "Vuruna, Miodrag"]
[Result "1-0"]
[WhiteElo "2325"]
[BlackElo "2320"]

1.d4 Nf6 2.c4 g6 3.Nc3 Bg7 4.e4 O-O 5.Nf3 d6 6.Be2 e5 7.O-O Nc6 8.d5 Ne7
9.Ne1 c6 10.Nd3 Bd7 11.a4 a5 12.Be3 Ne8 13.Qb3 c5 14.f4 b6 15.Rad1 Nc8 16.Qc2 f5
17.Bf3 Ra7 18.Nb5 Rb7 19.fxe5 dxe5 20.Nxc5 bxc5 21.Bxc5 Rf7 22.exf5 Bxf5
23.Qe2 Nf6 24.Qe1 Bc2 25.Ra1 e4 26.Be2 Nd7 27.Rxf7 Kxf7 28.Be3 Ne5 29.Nd4 Bd3
30.Ne6 Qe7 31.Bxd3 Nxd3 32.Qxa5 Kg8 33.Qa8 Qd7 34.c5 Rxb2 35.c6 Qe8 36.Nxg7 Qe5
37.Qxc8+ Kxg7 38.Qd7+ Kg8 39.Rf1  1-0

[Event "GMA-Open"]
[Site "Belgrade"]
[Date "1988.??.??"]
[Round "?"]
[White "Orlov, Georgi"]
[Black "Georgiev, Krum"]
[Result "1-0"]
[WhiteElo "2425"]
[BlackElo "2505"]

1.d4 Nf6 2.c4 g6 3.Nc3 Bg7 4.e4 d6 5.Nf3 O-O 6.Be2 e5 7.O-O Nc6 8.d5 Ne7
9.Nd2 c5 10.Rb1 Ne8 11.b4 b6 12.bxc5 dxc5 13.a4 a5 14.Qb3 Ra6 15.f4 exf4
16.Nf3 g5 17.Nxg5 Ng6 18.Nf3 Bg4 19.h3 f5 20.Bb2 Nd6 21.e5 Nxe5 22.Nxe5 Bxe5
23.Nb5 Bxe2 24.Bxe5 Bxc4 25.Qc3 Bxf1 26.Nxd6 Be2 27.Bxf4 Ra7 28.Re1 Bh5 29.Re6 Rd7
30.Qe5 Bg6 31.Bd2 Rg7 32.Bc3 Qd7 33.h4 Bh5 34.Kh2 Qc7 35.g3 Bg6 36.Qf4 Re7
37.h5  1-0

[Event "GMA-Open"]
[Site "Belgrade"]
[Date "1988.??.??"]
[Round "?"]
[White "Rogers, Ian"]
[Black "Paunovic, Dragan"]
[Result "1-0"]
[WhiteElo "2540"]
[BlackElo "2430"]

1.Nf3 Nf6 2.c4 g6 3.Nc3 Bg7 4.e4 d6 5.d4 O-O 6.Be2 e5 7.O-O Nc6 8.d5 Ne7
9.Ne1 Nd7 10.Nd3 f5 11.Bd2 f4 12.Bg4 h5 13.Be6+ Kh8 14.f3 g5 15.b4 Ng6 16.c5 Nf6
17.Bxc8 Rxc8 18.h3 Rg8 19.b5 Bf8 20.c6 b6 21.Kf2 Be7 22.Rh1 Rg7 23.Kf1 Kg8
24.a4 Nh8 25.Nf2 Qe8 26.a5 Qg6 27.axb6 axb6 28.Ra7 Nf7 29.Qe2 Nh6 30.Ke1 Bf8
31.Kd1 Re8 32.Kc2 Ree7 33.Kb1 g4 34.hxg4 hxg4 35.Nd3 Nf7 36.Be1 Ng5 37.Nb4 Nh5
38.Rh4 Nf6 39.Na6 g3 40.Rb7 Ne8 41.Bd2 Rh7 42.Rxh7 Qxh7 43.Qf1 Qh5 44.Rb8 Qg6
45.Rc8 Qh7 46.Ne2 Qg6 47.Kb2 Kg7 48.Qh1 Nxe4 49.fxe4 Qxe4 50.Nc3 Qd4 51.Kc2 e4
52.Rxe8 Qd3+ 53.Kb3 Rxe8 54.Bxf4 Kg8 55.Qh5 Bg7 56.Qxe8+ Kh7  1-0

[Event "GMA-Open"]
[Site "Belgrade"]
[Date "1988.??.??"]
[Round "?"]
[White "Simic, Radoslav"]
[Black "Nikolic, Nebojsa"]
[Result "1/2-1/2"]
[WhiteElo "2485"]
[BlackElo "2365"]

1.d4 Nf6 2.Nf3 g6 3.c4 Bg7 4.Nc3 O-O 5.e4 d6 6.Be2 e5 7.O-O Nc6 8.d5 Ne7
9.Nd2 a5 10.a3 Nd7 11.Rb1 c5 12.Nb5 Ra6 13.b4 f5 14.f3 axb4 15.axb4 Bh6 16.bxc5 Nxc5
17.Nb3 Bxc1 18.Qxc1 b6 19.Nxc5 bxc5 20.Ra1 f4 21.Qc3 Qb6 22.Rfb1 Bd7 23.Rxa6 Qxa6
24.Ra1 Qb6 25.Qa5 Qxa5 26.Rxa5 Bxb5 27.Rxb5 Ra8 28.Rb6 Nc8 29.Rb7 h5 30.h4 Kf8
31.Kf2 Ke8 32.g3 Ra7 33.Rb8 fxg3+ 34.Kxg3 Kd8 35.Bf1 Kc7 36.Rb2 Ra1 37.Bd3 Rg1+
38.Kh2 Rd1 39.Be2 Ra1 40.Rc2 Nb6 41.Kg3 Ra4 42.Rc1 Kd8 43.Kf2 Ke7 44.Rb1 Rb4
45.Ra1 Na4 46.Ke3 Kf6 47.Bd3 g5 48.hxg5+ Kxg5 49.Rg1+ Kf6 50.f4 exf4+ 51.Kxf4 Nb2
52.Be2 Nxc4 53.Bxc4 Rxc4 54.Rh1 Kg6  1/2-1/2

[Event "Berlin op"]
[Site "Berlin-West"]
[Date "1988.??.??"]
[Round "2"]
[White "Ivanov, Jordan"]
[Black "Ionescu Ilie, Viorica"]
[Result "1/2-1/2"]
[WhiteElo "2425"]
[BlackElo "2155"]

1.d4 Nf6 2.c4 g6 3.Nc3 Bg7 4.e4 d6 5.Nf3 O-O 6.Be2 e5 7.O-O Nc6 8.d5 Ne7
9.Ne1 Ne8 10.f3 f5 11.g4 Kh8 12.Be3 Ng8 13.Ng2  1/2-1/2

[Event "Berlin op"]
[Site "Berlin-West"]
[Date "1988.??.??"]
[Round "8"]
[White "Vera, Reynaldo"]
[Black "Cvitan, Ognjen"]
[Result "1-0"]
[WhiteElo "2455"]
[BlackElo "2500"]

1.d4 Nf6 2.c4 g6 3.Nc3 Bg7 4.e4 d6 5.Be2 O-O 6.Nf3 e5 7.O-O Nc6 8.Be3 Ng4
9.Bg5 f6 10.Bh4 g5 11.Bg3 Nh6 12.dxe5 fxe5 13.h3 Be6 14.c5 Nf7 15.cxd6 cxd6
16.Nd2 Rc8 17.Bg4 Bxg4 18.hxg4 Qd7 19.Nc4 Nd4 20.Ne3 Bf6 21.Nf5 Nxf5 22.gxf5 Bd8
23.Nd5 Rc4 24.Qe2 Qc6 25.Rad1 Kh8 26.b3 Rc5 27.Rd3 Nh6 28.Rfd1 Ng8 29.Qh5 Rc1
30.Kh2 Rxd1 31.Qxd1 Ne7 32.Re3 Qd7 33.Nb4  1-0

[Event "Berlin op"]
[Site "Berlin-West"]
[Date "1988.??.??"]
[Round "9"]
[White "Van Egmond, Rogier Marcel"]
[Black "Klundt, Klaus"]
[Result "0-1"]
[WhiteElo "2175"]
[BlackElo "2410"]

1.d4 Nf6 2.c4 g6 3.Nc3 Bg7 4.e4 O-O 5.Be2 d6 6.Nf3 e5 7.O-O Nc6 8.d5 Ne7
9.Ne1 Nd7 10.Be3 f5 11.f3 f4 12.Bf2 g5 13.Nb5 b6 14.b4 Rf6 15.Nd3 Rh6 16.c5 a6
17.cxd6 cxd6 18.Nc3 Nf6 19.g4 fxg3 20.hxg3 g4 21.f4 Qe8 22.Be3 Qh5 23.Kf2 exf4
24.Bxf4 Qh2+ 25.Ke3 Rh3 26.Rc1 Rxg3+ 27.Bxg3 Qxg3+ 28.Kd2 Qg2 29.Rc2 Bh6+
30.Ke1 Nxe4 31.Nxe4 Qxe4 32.Rc7 Nxd5 33.Rcf7 Be6 34.R7f2 Rc8 35.Rg1 Be3 36.Bxg4 Kh8
37.Qa1+ Bd4+  0-1

[Event "Bern op"]
[Site "Bern"]
[Date "1988.??.??"]
[Round "?"]
[White "Nemet, Ivan"]
[Black "Heim, Bernhard"]
[Result "1/2-1/2"]
[WhiteElo "2435"]
[BlackElo "2260"]

1.d4 Nf6 2.Nf3 g6 3.c4 Bg7 4.Nc3 O-O 5.e4 d6 6.Be2 e5 7.O-O Nc6 8.d5 Ne7
9.Nd2 a5 10.a3 Bd7 11.b3 c5 12.dxc6 bxc6 13.c5 d5 14.Bb2 Rb8 15.Re1 Be6 16.exd5 Nfxd5
17.Bc4 Nf4 18.Bxe6 Nxe6 19.Na4 Nd4 20.Nb6 Nd5 21.Ndc4 Nxb6 22.Nxb6 Re8 23.Bxd4 exd4
24.Qd2 Rxe1+ 25.Rxe1 Qh4 26.g3 Qg4 27.Qxa5 d3 28.Kg2 Bh6 29.Nc4 Qd7 30.Nd6 d2
31.Rd1 Qe6 32.Qc7 Qd5+ 33.f3 Rf8 34.Qe7 Qxb3 35.Qe2 Qxa3 36.Ne4 Qb4 37.Nf6+ Kh8
38.Nd7 Rg8 39.f4 Bg7 40.Rxd2 Rd8 41.Rd6 Ra8 42.Kh3 Qb1 43.Nb6 Qf5+ 44.Kg2 Qxc5
45.Nxa8 Qxd6 46.Qe8+ Bf8 47.Qxf7 Be7 48.Nb6 Qd2+ 49.Kh3 Qd8  1/2-1/2

[Event "Bern op"]
[Site "Bern"]
[Date "1988.??.??"]
[Round "?"]
[White "Schwarz, Peter"]
[Black "Giertz, Niklaus"]
[Result "1/2-1/2"]
[WhiteElo "2135"]
[BlackElo "2035"]

1.d4 Nf6 2.c4 g6 3.Nc3 Bg7 4.e4 d6 5.Nf3 O-O 6.Be2 e5 7.O-O Nc6 8.d5 Ne7
9.Ne1 Nd7 10.Be3 f5 11.f3 f4 12.Bf2 g5 13.Nb5 b6 14.b4 a6 15.Nc3 h5 16.Nd3 Rf6
17.c5 Rg6 18.Rc1 Nf6 19.cxd6 cxd6 20.Nxe5 dxe5 21.d6 Nc6 22.Nd5 Bb7 23.Rxc6 Nxd5
24.Qxd5+ Kh7 25.Rfc1 Bxc6 26.Rxc6 Rb8 27.d7 Rxc6 28.Qxc6 Bf8 29.Bc4 Qe7 30.Be6 Qd6
31.Qxd6 Bxd6 32.Bxb6 Be7 33.Bc5 Bd8 34.a4 Kg6 35.a5 Kf6 36.Bd5 Be7 37.Bb6 Bd8
38.Bc5 Be7 39.Bb6 Bd8 40.Bxd8+ Rxd8 41.Bc6 Ke7 42.Kf2 Kd6 43.Bb7 Kxd7 44.Bxa6 Kc7
45.Be2 Rd4 46.b5 Ra4 47.a6 Kb6  1/2-1/2

[Event "US op"]
[Site "Boston"]
[Date "1988.??.??"]
[Round "?"]
[White "Schain, Randolph"]
[Black "Rao, Vivek"]
[Result "0-1"]
[WhiteElo "2260"]
[BlackElo "2355"]

1.c4 g6 2.Nc3 Bg7 3.Nf3 Nf6 4.e4 d6 5.d4 O-O 6.Be2 e5 7.O-O Nc6 8.d5 Ne7
9.Ne1 Nd7 10.Nd3 f5 11.f4 exf4 12.Nxf4 Nc5 13.exf5 Nxf5 14.Bf3 Nd4 15.Bg4 Qh4
16.Bxc8 Raxc8 17.Be3 Nf5 18.Bxc5 dxc5 19.Qf3 Ne3 20.Qf2 Qh6 21.Qg3 Nxf1 22.Rxf1 Bd4+
23.Kh1 Rce8 24.h3 Bxc3 25.bxc3 Re4  0-1

[Event "US op"]
[Site "Boston"]
[Date "1988.??.??"]
[Round "?"]
[White "Gurevich, Dmitry"]
[Black "Weeramantry, Sunil"]
[Result "1-0"]
[WhiteElo "2475"]
[BlackElo "2245"]

1.d4 Nf6 2.c4 g6 3.Nc3 Bg7 4.e4 d6 5.Be2 O-O 6.Nf3 e5 7.O-O Nc6 8.d5 Ne7
9.Ne1 Nd7 10.Be3 f5 11.f3 f4 12.Bf2 g5 13.b4 Nf6 14.c5 Ng6 15.cxd6 cxd6 16.Rc1 Rf7
17.a4 h5 18.a5 Bd7 19.Nb5 Bxb5 20.Bxb5 g4 21.Nd3 g3 22.Be1 gxh2+ 23.Kh1 a6
24.Ba4 h4 25.Kxh2 Nh5 26.Rg1 Ng3 27.Nf2 Nf8 28.Nh3 Nh7 29.Bf2 Bf6 30.Bb6 Qf8
31.Rc4 Qg7 32.Qc2 Kh8 33.Rc8+ Rxc8 34.Qxc8+ Rf8 35.Qc7 Qg6 36.Qc2 Qg7 37.Rc1 Rg8
38.Qf2 Ng5 39.Nxg5 Bxg5 40.Rc7 Qh6 41.Bd7 h3 42.gxh3 Bh4 43.Rc8 Rxc8 44.Bxc8 Nxe4
45.Qc2 Ng5 46.Bg4 Qg7 47.Qc8+ Kh7 48.Qc7 Be1 49.Bf5+ Kh6 50.Qxd6+ Kh5 51.Bg4+ Kh4
52.Bd8 Bg3+ 53.Kg2 Qh7 54.Bf5 Qh5 55.Be4  1-0

[Event "JUG-chT (Women)"]
[Site "Brezovica"]
[Date "1988.??.??"]
[Round "?"]
[White "Tomasevic, Tanja"]
[Black "Bosnic, Ljiljana"]
[Result "1-0"]
[WhiteElo "2045"]
[BlackElo "2065"]

1.d4 Nf6 2.Nf3 g6 3.c4 Bg7 4.Nc3 O-O 5.e4 d6 6.Be2 e5 7.O-O Nc6 8.d5 Ne7
9.Ne1 Nd7 10.Nd3 f5 11.Bd2 Nf6 12.f3 Kh8 13.Rc1 c6 14.b4 b5 15.Nf2 bxc4 16.Bxc4 cxd5
17.exd5 Bb7 18.Qb3 Qb6 19.Rfe1 Qd4 20.Be3 Qh4 21.Rb1 g5 22.Nb5 Ne8 23.Nxa7 e4
24.g3 Qh5 25.fxe4 f4 26.gxf4 gxf4 27.Bb6 f3 28.Bf1 Be5 29.h3 Qg5+ 30.Kh1 h5
31.Nb5 Bg3 32.Rb2 Ng6 33.Nd4 Kh7 34.Nc6 Nh4  1-0

[Event "JUG-chT (Women)"]
[Site "Brezovica"]
[Date "1988.??.??"]
[Round "?"]
[White "Vospernik, Mira"]
[Black "Nikolin, Zorica"]
[Result "0-1"]
[WhiteElo "2175"]
[BlackElo "2285"]

1.d4 Nf6 2.Nf3 g6 3.c4 Bg7 4.Nc3 d6 5.e4 O-O 6.Be2 e5 7.O-O Nc6 8.d5 Ne7
9.Ne1 Nd7 10.f4 f5 11.Nd3 exf4 12.Rxf4 Ne5 13.exf5 Nxf5 14.Qe1 Re8 15.Nxe5 Bxe5
16.Re4 Nd4 17.Bd3 Bf5 18.Qd1 Bxe4 19.Nxe4 Bxh2+ 20.Kxh2 Qh4+ 21.Kg1 Rxe4
22.Bxe4 Qxe4 23.Bg5 Ne2+ 24.Kh1 h6 25.Qd2 hxg5 26.Qxg5 Kg7  0-1

[Event "JUG-chT (Women)"]
[Site "Brezovica"]
[Date "1988.??.??"]
[Round "?"]
[White "Maksimovic, Suzana"]
[Black "Lazarevic, Milunka"]
[Result "1-0"]
[WhiteElo "2255"]
[BlackElo "2240"]

1.d4 Nf6 2.c4 g6 3.Nc3 Bg7 4.e4 d6 5.Be2 O-O 6.Nf3 e5 7.O-O Nc6 8.d5 Ne7
9.Ne1 Nd7 10.Nd3 f5 11.Bd2 Nf6 12.f3 f4 13.g4 g5 14.c5 Ng6 15.cxd6 cxd6 16.Rc1 Rf7
17.a4 h5 18.h3 Bf8 19.Qc2 Nh4 20.Nf2 hxg4 21.hxg4 a6 22.Nb1 Rh7 23.Na3 Be7
24.Nc4 Qf8 25.Nb6 Qh6 26.Rfd1 Nxf3+ 27.Bxf3 Qh2+ 28.Kf1 Nxg4 29.Qxc8+ Rxc8
30.Rxc8+ Kf7 31.Bxg4 Rh4 32.Be6+ Kg7 33.Rg8+ Kh7 34.Rc1 f3 35.Be3 Qg2+ 36.Ke1 Rh1+
37.Kd2 Rxc1 38.Kxc1 Qf1+ 39.Nd1 Bf6 40.Rf8 Bg7 41.Rf7 Qg2 42.Nd7 Kg6 43.Nf8+ Kh6
44.Rf5 Bxf8 45.Rxf8 Qf1 46.Rh8+ Kg7 47.Rg8+ Kh7 48.Rc8 Qd3 49.Bf5+ Kg7 50.Bxg5 Qf1
51.Rc7+ Kf8 52.Be6  1-0

[Event "Texta"]
[Site "Budapest"]
[Date "1988.??.??"]
[Round "?"]
[White "Zueger, Beat"]
[Black "Hazai, Laszlo"]
[Result "1/2-1/2"]
[WhiteElo "2445"]
[BlackElo "2435"]

1.d4 Nf6 2.c4 g6 3.Nc3 Bg7 4.e4 d6 5.Nf3 O-O 6.Be2 e5 7.O-O Nc6 8.d5 Ne7
9.Ne1 Nd7 10.Be3 f5 11.f3 f4 12.Bf2 g5 13.Nb5 b6 14.a4 a6 15.Nc3 a5 16.Nd3 Ng6
17.b4 Rf7 18.bxa5 bxa5 19.c5 Bf8 20.cxd6 cxd6 21.Nb2 Nf6 22.Nc4 Rb8 23.Rb1 Rxb1
24.Qxb1 g4 25.Qb6 Qe7 26.fxg4 Nxg4 27.Nb5 Qg5 28.Bf3 Nh4 29.Bxh4 Qxh4 30.h3 Ne3
31.Nxe3 fxe3 32.Qxe3 Bxh3 33.Rf2 Bd7 34.Rc2  1/2-1/2

[Event "ARG-ch"]
[Site "Buenos Aires"]
[Date "1988.??.??"]
[Round "?"]
[White "Servat, Roberto"]
[Black "Sabas, Jorge"]
[Result "1-0"]
[WhiteElo "2285"]
[BlackElo "2215"]

1.d4 Nf6 2.c4 g6 3.Nc3 Bg7 4.e4 d6 5.Be2 O-O 6.Nf3 e5 7.O-O Nc6 8.d5 Ne7
9.Ne1 Nd7 10.Be3 f5 11.f3 Nf6 12.c5 f4 13.Bf2 g5 14.Rc1 h5 15.cxd6 cxd6 16.Nb5 Ne8
17.Nxa7 Bd7 18.Qb3 Ng6 19.Nc6 bxc6 20.dxc6+ Kh7 21.cxd7 Qxd7 22.Nd3 Nf6 23.Rc4 g4
24.Rfc1 g3 25.hxg3 fxg3 26.Bxg3 Qa7+ 27.Bf2 Qxa2 28.Qxa2 Rxa2 29.Rb4 d5 30.exd5 Nxd5
31.Rb7 Ndf4 32.Nxf4 Nxf4 33.Bc4 Rc8 34.Bd3+ Nxd3 35.Rxc8 Ra1+ 36.Kh2 Nxf2
37.Rcc7 h4 38.Rxg7+ Kh6 39.g4 hxg3+ 40.Kxg3 Nd3 41.Rgd7 Nf4 42.Kg4 Rg1+ 43.Kf5 Rg5+
44.Ke4 Rg8 45.Kxe5 Ng6+ 46.Kf5 Nh4+ 47.Ke4 Ng6 48.Rh7+ Kg5 49.Rb5+ Kf6 50.Rf5+ Ke6
51.Rh6 Kd7 52.Rg5 Re8+ 53.Kd4 Nf8 54.Rg7+ Kd8 55.Kd5  1-0

[Event "ARG-ch"]
[Site "Buenos Aires"]
[Date "1988.??.??"]
[Round "?"]
[White "Ricardi, Pablo"]
[Black "Schwanek, Carlos"]
[Result "1-0"]
[WhiteElo "2415"]
[BlackElo "2315"]

1.d4 Nf6 2.c4 g6 3.Nc3 Bg7 4.e4 d6 5.Be2 O-O 6.Nf3 e5 7.O-O Nc6 8.d5 Ne7
9.Nd2 c5 10.Rb1 Ne8 11.b4 b6 12.bxc5 bxc5 13.Qa4 f5 14.Nb3 Kh8 15.Qa5 Qd7
16.Qb5 Nf6 17.Na5 Qc7 18.Bg5 h6 19.Bxf6 Bxf6 20.Rb3 Bg5 21.Nc6 Bd7 22.Nxe7 Bxb5
23.Nxg6+ Kg7 24.Nxb5 Qa5 25.Nxf8 Rxf8 26.Nxd6 Qxa2 27.Rb7+ Kg8 28.Bf3 Qa6
29.Rd7 Qa4 30.Rc7 fxe4 31.Nxe4 Qxc4 32.Rxc5 Qb4 33.d6 a5 34.Rxe5 Bd8 35.Nc5 a4
36.Nd7 Rxf3 37.gxf3 Qxd6 38.Re8+ Kf7 39.Rxd8 Qg6+ 40.Kh1 Ke7 41.Ne5 Qc2 42.Rdd1 Kf6
43.Ng4+ Kg5 44.Rd5+ Kf4 45.Ne3  1-0

[Event "BUL-ch"]
[Site "BUL"]
[Date "1988.??.??"]
[Round "?"]
[White "Nikolov, Sasho"]
[Black "Georgiev, Krum"]
[Result "1/2-1/2"]
[WhiteElo "2215"]
[BlackElo "2490"]

1.d4 Nf6 2.c4 d6 3.Nc3 g6 4.e4 Bg7 5.Nf3 O-O 6.Be2 e5 7.O-O Nc6 8.d5 Ne7
9.b4 Nh5 10.g3 f5 11.Ng5 Nf6 12.f3 c6 13.Be3 Bh6 14.Qd2 Nh5 15.f4 exf4 16.gxf4 fxe4  1/2-1/2

[Event "Bytom"]
[Site "Bytom"]
[Date "1988.??.??"]
[Round "3"]
[White "Bogdanovski, Vlatko"]
[Black "Sarwinski, Miroslaw"]
[Result "0-1"]
[WhiteElo "2460"]
[BlackElo "2395"]

1.d4 Nf6 2.c4 g6 3.Nc3 Bg7 4.e4 d6 5.Nf3 O-O 6.Be2 e5 7.O-O Nc6 8.d5 Ne7
9.Nd2 c5 10.Rb1 Ne8 11.b4 b6 12.bxc5 bxc5 13.Nb3 h6 14.Bd2 f5 15.f3 Nf6 16.Bd3 f4
17.Nb5 Ne8 18.Ba5 Qd7 19.Bc2 g5 20.Nxc5 dxc5 21.Ba4 Rb8 22.Qc2 Nf6 23.Nc7 Rxb1
24.Bxd7 Rxf1+ 25.Kxf1 Bxd7 26.Na6 Rc8 27.Bc7 Ne8 28.Bb8 g4 29.Qb2 gxf3 30.Qb7 fxg2+
31.Kxg2 Nf6 32.Bxe5 f3+ 33.Kxf3 Rf8 34.Nxc5 Bc8 35.Qxa7 Nfxd5+ 36.Ke2 Bg4+
37.Kd2 Rf2+ 38.Kc1 Rf1+ 39.Kd2 Rd1+ 40.Kc2 Nb4+ 41.Kb3 Nbc6 42.Qc7 Bxe5  0-1

[Event "Bytom"]
[Site "Bytom"]
[Date "1988.??.??"]
[Round "7"]
[White "Sarwinski, Miroslaw"]
[Black "Tomorhuyag, Nyamaa"]
[Result "1-0"]
[WhiteElo "2395"]
[BlackElo "2405"]

1.d4 Nf6 2.c4 g6 3.Nc3 Bg7 4.Nf3 O-O 5.e4 d6 6.Be2 e5 7.O-O Nc6 8.Be3 Re8
9.dxe5 Nxe5 10.h3 Nc6 11.Qc2 Nh5 12.Rad1 Bxc3 13.bxc3 Qf6 14.Bg5 Qe6 15.Rfe1 f6
16.Bc1 Qf7 17.Nh2 Ng7 18.Ng4 Bxg4 19.hxg4 b6 20.Qa4 Ne5 21.c5 bxc5 22.f4 Qd7
23.Qa6 Nxg4 24.Bb5 Qe7 25.Bxe8 Rxe8 26.g3 h5 27.Kg2 h4 28.gxh4 Kh7 29.Qd3 Qf7
30.c4 Ne6 31.Qf3 f5 32.Bb2 Qf8 33.e5 Qh6 34.Kg3 Ng7 35.Bc1 Nh5+ 36.Kg2 Qg7
37.exd6 Rxe1 38.Rxe1 cxd6 39.Qd3 Qf6 40.Rh1 Qe6 41.Kf3 Qe7 42.Bd2 Nhf6 43.Rb1 Qe8
44.Kg2 Kh6 45.Re1 Qc6+ 46.Qf3 Ne4 47.Re2 Qb7 48.Be1 Qb1 49.Qb3 Qc1 50.Qb8 Kh5
51.Qxa7 Qxf4 52.Qh7+ Nh6 53.Kg1 Nf6 54.Qe7 Nhg4 55.Qd8 Qd4+ 56.Kh1 Ne3 57.Qh8+ Kg4
58.Qh6 Qf4 59.Qxg6+ Kh3 60.Rxe3+  1-0

[Event "Bytom"]
[Site "Bytom"]
[Date "1988.??.??"]
[Round "8"]
[White "Kazek, Krzysztof"]
[Black "Sarwinski, Miroslaw"]
[Result "1-0"]
[WhiteElo "2245"]
[BlackElo "2395"]

1.Nf3 Nf6 2.c4 g6 3.Nc3 Bg7 4.e4 d6 5.d4 O-O 6.Be2 e5 7.O-O Nc6 8.d5 Ne7
9.Nd2 c5 10.Rb1 Ne8 11.b4 b6 12.bxc5 bxc5 13.Nb3 h6 14.Bd2 f5 15.f3 f4 16.Nb5 a6
17.Ba5 Qd7 18.Nc3 Rb8 19.Qc2 g5 20.Nd2 Rxb1 21.Rxb1 Ng6 22.Na4 Bb7 23.Bb6 Rf7
24.Bxc5 dxc5 25.Nxc5 Qc8 26.Ne6 Nf8 27.Nxg7 Qc5+ 28.Kf1 Rxg7 29.Nb3 Qe7 30.c5 Bc8
31.Nd2 g4 32.fxg4 h5 33.d6 Qh4 34.Nf3 Qxg4 35.Bc4+ Be6 36.Nxe5 Qg5 37.Bxe6+ Nxe6
38.d7 N8c7 39.Rb8+ Qd8  1-0

[Event "Calcutta"]
[Site "Calcutta"]
[Date "1988.??.??"]
[Round "?"]
[White "Hernandez, Roman"]
[Black "Mitra, Swapan"]
[Result "1-0"]
[WhiteElo "2445"]
[BlackElo "2280"]

1.d4 Nf6 2.Nf3 g6 3.c4 Bg7 4.Nc3 O-O 5.e4 d6 6.Be2 e5 7.O-O Nc6 8.d5 Ne7
9.Nd2 Ne8 10.b4 f5 11.c5 Nf6 12.f3 f4 13.Nc4 g5 14.a4 h5 15.Ba3 Ne8 16.b5 Ng6
17.a5 dxc5 18.Bxc5 Nd6 19.b6 Nxc4 20.Bxc4 cxb6 21.axb6 a6 22.Bxf8 Qxb6+ 23.Kh1 Nxf8
24.d6+ Kh7 25.Rb1 Qa5 26.Nd5 b5 27.Nc7 Ra7 28.Bf7 Rxc7 29.dxc7 Qxc7 30.Bxh5 Be6
31.Bg4 Bc4 32.Bf5+ Kh6 33.Rc1 Bf6 34.Rf2 Be7 35.Rfc2 Ba3 36.Ra1 Qe7 37.Rc3 Bb2
38.Rxa6+ Kg7 39.Rd3 Bxd3 40.Qxd3 Qc5 41.Qb1 Bc3 42.Ra8 Qe3 43.Rb8 b4 44.Rb7+ Kh8
45.Qf1 g4 46.fxg4 Bd2 47.g5 b3 48.g6 Nxg6 49.Bxg6  1-0